| 000 | 00371nam a22001697a 4500 | ||
|---|---|---|---|
| 003 | OSt | ||
| 008 | 210223b ||||| |||| 00| 0 eng d | ||
| 020 | _a9789352132577 | ||
| 082 | _a006 PAL | ||
| 100 | _aPARISI,Tony | ||
| 245 | _aLearning Virtual Reality | ||
| 250 | _a1st | ||
| 260 |
_aNew Delhi _bSPD _c2015 |
||
| 300 | _a151 | ||
| 650 | _aARVR | ||
| 942 |
_2ddc _cBK |
||
| 999 |
_c10479 _d10479 |
||